Thẩm bình tác phẩm văn chương trong nhà trường
Kaydedildi:
| Materyal Türü: | Kitap |
|---|---|
| Dil: | Undetermined |
| Baskı/Yayın Bilgisi: |
H.
ĐHQG
2001
|
| Konular: | |
| Etiketler: |
Etiketle
Etiket eklenmemiş, İlk siz ekleyin!
|
| Thư viện lưu trữ: | Trung tâm Học liệu Trường Đại học Cần Thơ |
|---|
| LEADER | 00516nam a2200169Ia 4500 | ||
|---|---|---|---|
| 001 | CTU_52029 | ||
| 008 | 210402s9999 xx 000 0 und d | ||
| 020 | |b 14000 | ||
| 082 | |a 807 | ||
| 082 | |b Th120/T1 | ||
| 245 | 0 | |a Thẩm bình tác phẩm văn chương trong nhà trường | |
| 260 | |a H. | ||
| 260 | |b ĐHQG | ||
| 260 | |c 2001 | ||
| 650 | |a vietnamese fiction,vietnamese literature | ||
| 650 | |x history and criticism,study and teaching | ||
| 980 | |a Trung tâm Học liệu Trường Đại học Cần Thơ | ||